Understanding social welfare:a search for social justice

Saved in:
Bibliographic Details
Main Author: Dolgoff
Format: Book
Published: 2008
Edition:8th ed.
Tags: Add Tag
No Tags, Be the first to tag this record!
Call Number :

MARC

LEADER 00000pam a2200000 4500
001 28203
003 MY-KLNDU
005 20241218082508.0
020 0 0 |a 9780205672738 
035 |a 0000039292 
039 9 |a 200911181257  |b VLOAD  |y 200910091804  |z VLOAD 
100 0 0 |a Dolgoff 
245 0 0 |a Understanding social welfare:a search for social justice 
250 0 0 |a 8th ed. 
260 0 0 |a 2008 
591 |a 0000009942  |b 26/05/09  |c 0306-08  |d 1  |e RM374.7  |f 1  |g 374.7  |h Bookfinder Sdn. Bhd. 
999 |a vtls000037523  |c 28203  |d 28203